000 01141nam a2200229Ia 4500
003 Ost
005 20260507075615.0
008 260507s9999||||xx |||||||||||||| ||und||
020 _a9789961017197
040 _cfsecg
041 _aara
082 _a332.041
100 _aالموسوي، ضياء مجيد
_eمؤلف
245 0 _aعولمة أسواق رأس المال /
_c ضياء مجيد الموسوي
250 _aطبعة 2
260 _aالجزائر:
_bديوان المطبوعات الجامعية,
_c2016
300 _a109 صفحة؛
_bإيضاحات ؛
_c22 سم
520 _aتناول هذا الكتاب موضوع العولمة وأسواق المال، حيث يحتوي على تجارب تحرير رأس المال في الهند و المكسيك و دول جنوب شرق أسيا و دول شرق آسيا - النمور - ومخاطر و منافع تحرير رأس المال في الدول الناشئة و النامية ، و متى ينبغي تحرير رأس المال في هذه الدول .
653 _aأسواق رأس المال
653 _aالعولمة
942 _cكتاب
999 _c45105
_d45105